Score 0/50 Timer 10:00
0 Plays Today
Ranking Series % Correct
4Hannah Montana
88.2%
3Jersey Shore
86.1%
6Dancing with the Stars
84.2%
11Baywatch
77.6%
10Big Brother
77.3%
5American Idol
76%
23Joey
74.6%
1Keeping Up with the Kardashians
74.3%
13America's Next Top Model
72.7%
1890210
66.5%
24Beverly Hills, 90210
66.5%
16The Cleveland Show
63.3%
44Sabrina, The Teenage Witch
62.1%
97th Heaven
59.9%
2The Hills
59.7%
20Sister, Sister
58.3%
12Walker, Texas Ranger
57%
22Ugly Betty
55.6%
41Full House
54.3%
45CSI: Miami
50.5%
27Private Practice
48.9%
48Family Matters
48.2%
15The Suite Life of Zack and Cody
47.8%
47Mike & Molly
45.8%
28iCarly
41.4%
Ranking Series % Correct
21Ghost Whisperer
37.9%
33Medium
37.1%
37JAG
36.9%
36Wizards of Waverly Place
35.3%
43Dharma & Greg
34.7%
46Dawson's Creek
34.5%
26Lizzie McGuire
31.6%
19Mighty Morphin Power Rangers
27.3%
17That's So Raven
26.8%
35Felicity
25.1%
31Step by Step
22.8%
14Melrose Place
22.5%
25Reba
20.4%
32Unforgettable
18.2%
42The New Normal
17.6%
49What I Like About You
17.3%
30George Lopez
15.7%
8Shake It Up!
14.1%
7The Secret Life of the American Teenager
9.4%
34GCB
9.1%
29Hellcats
7%
38Up All Night
4%
39Andromeda
3.5%
50The Carrie Diaries
3.4%
40Eastwick
3%
Remove Ads.
Support Sporcle.
Get the best of Sporcle when you Go Orange. This ad-free experience offers more features, more stats, and more fun while also helping to support Sporcle. Thank you for becoming a member.

You're not logged in!

Compare scores with friends on all Sporcle quizzes.
OR
Log In

Show Comments

Extras

Created Sep 23, 2013SourceReportNominate
Tags:imdb

Top Quizzes Today


Score Distribution

Your Account Isn't Verified!

In order to create a playlist on Sporcle, you need to verify the email address you used during registration. Go to your Sporcle Settings to finish the process.

Report this User

Report this user for behavior that violates our Community Guidelines.

Details: